| 000 | 01014nam a22002177a 4500 | ||
|---|---|---|---|
| 005 | 20210325174824.0 | ||
| 008 | s2528 th tha d | ||
| 041 | _atha | ||
| 050 | _aJQ1745 ก5 | ||
| 100 | 0 | _aโยชิกาวา, โทชิฮารุ | |
| 245 | 1 | 0 | _aรัฐบาลจอมพล ป. พิบูลสงครามและสงครามแปซิฟิค |
| 260 | 3 |
_aกรุงเทพฯ : _bมูลนิธิโครงการตำราสังคมศาสตร์และมนุษยศาสตร์, _c2528 |
|
| 300 | _a47 หน้า | ||
| 650 | 0 | 4 | _aสงครามเอเซียบูรพา |
| 650 | 0 | 4 | _aไทย -- การเมืองและการปกครอง -- กรุงรัตนโกสินทร์, 2484--2488 |
| 700 | 0 | _aโยชิกาวา, โทชิฮารุ | |
| 850 | _aNALT | ||
| 942 | _cGB | ||
| 997 | _c000000000005054 | ||
| 998 | _aJETANANARD SUWANDEE | ||
| 999 |
_c5054 _d5054 |
||